[Event "Abu Dhabi op 23rd"]
[Site "Abu Dhabi"]
[Date "2016.08.21"]
[Round "1"]
[White "Eggleston, David"]
[Black "Fedoseev, Vladimir1"]
[Result "0-1"]
[WhiteElo "2384"]
[BlackElo "2670"]
[Annotator "CB"]
[PlyCount "58"]
[EventDate "2016.08.21"]
[EventType "swiss"]
[EventRounds "9"]
[EventCountry "UAE"]
[SourceTitle "CBM 174 Extra"]
[Source "ChessBase"]
[SourceDate "2016.10.10"]
[SourceVersion "1"]
[SourceVersionDate "2016.10.10"]
[SourceQuality "1"]

1. e4 Nf6 2. e5 Ng8 $6 {Warum nicht? Eine typische Fortsetzung für eine
Erstrundenpartie, in der der Favorit einem theoretischen Kampf sofort aus dem
Wege geht. Dieser Rückzug führt aber bei bestem Spiel zu Vorteil für den
Anziehenden.} 3. d4 {Weiß hat im Prinzip drei Züge ausgeführt und Schwarz
keinen. Allerdings stellt der vorgerückte Bauer auf e5 ein Angriffsziel dar,
so dass Schwarz etwas Zeit zurückgewinnen wird.} d6 4. Nf3 Bg4 (4... dxe5 5.
Nxe5 Nd7 {sieht etwas logischer aus aus schwarzer Sicht.} 6. Bd3 Ngf6 {
Grandelius,N (2547)-Fries Nielsen,J (2411) Lund 2011} 7. O-O $1 $14 {Eine
typische Stellung, in der Weiß dank seines leichten Raumvorteils und
Entwicklungsvorsprungs etwas Vorteil besitzt.}) 5. Be2 (5. h3 Bh5 6. e6 $5 fxe6
7. g4 Bg6 8. Ng5 $36 {Kotronias,V (2611)-Sandipan,C (2585) Gausdal 2008, ist
eine gute Möglichkeit die schwarze Spielweise ad absurdum zu führen.}) 5...
dxe5 6. Nxe5 Bxe2 7. Qxe2 Qxd4 8. Qb5+ $2 ({Nach} 8. Nd2 {ist der
Entwicklungsvorsprung bedrohlich, z.B.} Nf6 9. Ndf3 Qc5 10. O-O Nbd7 11. Be3
Qa5 12. b4 $36) 8... Nd7 9. Nxd7 O-O-O $1 {Das muss Weiß übersehen haben.
Schwarz erhält sein Material zurück und verbleibt mit einem Mehrbauern. Der
Springer auf d7 kann natürlich wegen Matt auf d1 nicht zurückziehen.} 10. Nc3
Rxd7 11. Be3 a6 $1 {Sehr präzise, da es die weiße Dame mit Tempo auf ein
schlechteres Feld lenkt und sich gleichzeitig der Sorge auf a7 entledigt.} (
11... Qg4 12. O-O e6 13. Rfd1 Rxd1+ 14. Rxd1 Nf6 15. Bxa7 $11) 12. Qb3 (12.
Bxd4 axb5 13. Be3 b4 $17) 12... Qg4 13. O-O e6 $17 {Der Rest ist für den
Großmeister einfach.} 14. a3 (14. Rfd1 Rxd1+ 15. Rxd1 Nf6 $17) 14... Nf6 15.
h3 Qf5 16. a4 Bc5 17. Bxc5 Qxc5 18. a5 Rhd8 19. Ra4 Rd4 20. Ra3 Rb4 $19 21. Qa2
Rd2 22. Qb1 Rf4 23. Qe1 Rxc2 24. Rb3 Qc4 25. Ra3 Rxb2 26. Ra4 Rb4 27. Ra2 Ne4
28. Ra3 Rb2 29. Nd1 Re2 0-1

[Event "EU-chT (Men) 15th"]
[Site "Gothenburg"]
[Date "2005.08.01"]
[Round "3.1"]
[White "Dutreeuw, Marc"]
[Black "Rozentalis, Eduardas"]
[Result "1-0"]
[WhiteElo "2361"]
[BlackElo "2567"]
[Annotator "Cox,J"]
[PlyCount "55"]
[EventDate "2005.07.30"]
[EventType "team-swiss"]
[EventRounds "9"]
[EventCountry "SWE"]
[SourceTitle "CBM 109"]
[Source "ChessBase"]
[SourceDate "2005.11.14"]
[SourceVersion "1"]
[SourceVersionDate "2005.11.14"]
[SourceQuality "1"]
[WhiteTeam "Belgium"]
[BlackTeam "Lithuania"]
[WhiteTeamCountry "BEL"]
[BlackTeamCountry "LTU"]

1. e4 Nf6 2. e5 Nd5 3. g3 {Rozentalis' own pet line: a common enough
psychological ploy.} d6 4. exd6 exd6 {All three recaptures are fine but
Rozentalis perhaps had good reason to select this one - see the note to
White's sixth.} 5. Bg2 Nf6 6. h3 (6. d4 Be7 7. Nf3 O-O 8. O-O d5 9. Ne5 c6 10.
Nc3 Nbd7 11. f4 Nxe5 12. dxe5 Ng4 13. Kh1 f6 14. h3 Nh6 15. exf6 Bxf6 16. g4
Bxc3 17. bxc3 Bxg4 18. hxg4 Qh4+ 19. Kg1 Nxg4 20. Rf3 Rae8 21. Bd2 Re4 22. f5
Rfe8 23. f6 gxf6 24. Bh3 Re2 {0-1, was Rozentalis-Adams, Bundesliga 1998.
White has a different idea, but in any event White can hardly hope for
anything with such an opening variation.}) 6... d5 7. Nf3 Bd6 8. O-O O-O 9. Re1
c6 10. d3 a5 $11 11. a4 Na6 12. Nc3 h6 13. Ne2 Re8 14. Bf4 Nc5 15. Bxd6 Qxd6
16. Ned4 Bd7 17. b3 b6 18. Qd2 Na6 {Black is slightly the more active but
needs to find a plan to make progress; I would have said that the idea of the
text is to take this knight to c7 and go ...c5, but the course of the game
makes me doubt.} 19. Kf1 Nc7 20. Nh4 Nh7 21. Nhf3 Qf6 22. h4 g5 {I don't
understand this move: Black's previous play seems to have led up to} (22... c5
{and indeed this seems quite promising, for example} 23. Ne2 d4 24. Qf4 Nd5 25.
Qxf6 Nhxf6 {when Black seems to me to enjoy a pleasant advantage. Possibly
Rozentalis thought the text was better still but if so it appears that he must
have miscalculated in some way.}) 23. c3 Kg7 24. Rxe8 Rxe8 25. Re1 Rxe1+ 26.
Kxe1 c5 {Once White has managed to trade the rooks this has less impact.} 27.
Ne2 Bg4 28. hxg5 {I don't know what happened here. the position is completely
equal and agreeing a draw is quite plausible. I don't suppose Rozentalis
resigned; whether he picked up the wrong piece and lost that way or whether
the result is wrongly recorded I couldn't say.} 1-0

[Event "SUI-chT"]
[Site "Switzerland"]
[Date "1997.06.??"]
[Round "?"]
[White "Donev, Ivo Hristov"]
[Black "Fioramonti, Hung"]
[Result "1-0"]
[WhiteElo "2420"]
[BlackElo "2360"]
[Annotator "Donev,I"]
[PlyCount "85"]
[EventDate "1997.??.??"]
[EventType "team-tourn"]
[EventRounds "9"]
[EventCountry "SUI"]
[SourceTitle "CBM 059"]
[Source "ChessBase"]
[SourceDate "1997.08.01"]
[SourceVersion "1"]
[SourceVersionDate "1997.08.01"]
[SourceQuality "1"]

1. e4 Nf6 2. e5 Nd5 3. c4 Nb6 4. c5 Nd5 5. Bc4 e6 6. d4 b6 7. cxb6 axb6 {
[%csl Ga2] Nach diesem Abtausch ist der Pa2 ein entfernter Freibauer, der ein
beträchtlicher Vorteil fürs Endspiel darstellt.} 8. Ne2 Ba6 9. Bxa6 Nxa6 10.
O-O {Weiß verhindert konsequent die Fesselung nach Nc3 bzw. achtet darauf, daß
er nach der Entwicklung des Nb1 nicht mit dem Bauern schlagen muß.} (10. Nbc3
Bb4 11. O-O Bxc3 12. Nxc3 (12. bxc3 O-O $13) 12... Nxc3 13. bxc3 O-O $11) 10...
Be7 11. Nbc3 c6 12. Nxd5 exd5 (12... cxd5 $5) 13. f4 f5 {Es bleibt dem
Nachziehenden nur kurz zu rochieren nebst den Manövern Na6-Nc7-Ne6 und dann
würde er besser stehen. Darum muß Weiß energisch spielen.} (13... O-O 14. f5 $1
$40) 14. g4 fxg4 {Das Beste!} ({Diese Stellung habe ich schon vor 7 Jahren bei
einem Turnier in der Ukraine auf dem Brett gehabt. Damals hat mein Gegner mit
seinem 14ten Zug schwach gespielt und sehr schnell verloren. Nach der Partie
haben wir analysiert und festgestellt, das Weiß gute Angriffschancen am
Königsflügel hat.} 14... g6 $2 15. gxf5 gxf5 16. Ng3 O-O 17. Nxf5 Kh8 18. Nh6
Nb4 19. f5 $18 {und Weiß gewann in ein paar Züge Donev,I-Sergeev,V/Kiev 1990})
15. Ng3 (15. f5 $1 Qc7 (15... Bg5 16. f6 gxf6 17. Bxg5 fxg5 18. Ng3 Qc7 19. Nf5
O-O-O 20. Qe2 $1 Kb7 (20... b5 21. a4 $1) (20... Qa7 21. Nd6+ Kb8 22. Nf7 $16)
21. Nd6+ Ka7 22. Rac1 Qb8 23. Rf7 $18) 16. f6 gxf6 17. exf6 Bd6 18. f7+ Kd8 19.
Bh6 $16) {Nach 15...0-0 16.f5 nebst Qg4 könnte Weiß einen starken Angriff am
Königsflügel bekommen. Darum bereitet IM Fioramonti mit seinem nächsten Zug
die lange Rochade vor.} 15... Qc7 16. Qxg4 O-O-O 17. f5 ({Interessant ist auch
die Annahme des Bauernopfers.} 17. Qxg7 {Ich denke, dass der Nachziehende
genug Kompensation für den geopferten Bauern hat.} Bh4 18. Rf3 h5 $44 (18...
Nb4 19. Be3 Qa7 (19... Nc2 20. Rc1 Nxe3 21. Rxe3 Rdg8 22. Qh6 $16) 20. Bf2 $16)
) 17... Rdg8 18. Bg5 Qd8 19. Bxe7 (19. f6 gxf6 20. exf6 Bd6 (20... Bxf6 $2 21.
Rxf6 h6 (21... Qxf6 22. Bxf6 Rxg4 23. Bxh8 $18) 22. Rxc6+ Kb7 23. Bxd8 Rxg4 24.
Rxb6+ $18) (20... Bf8 $1 21. Qh5 (21. h4 h6 22. f7 Rg7 $1) 21... Nc7 $13) 21.
Nf5 $14) 19... Qxe7 20. Rac1 Nc7 (20... Nb4 21. a3 Na6 22. Rxc6+ $3 dxc6 23.
f6+ Qd7 24. e6 $1 Qc7 25. f7 $18) 21. Rc2 Kb7 22. a3 g6 {Es ist
selbsverständlich, dass es ein Wunsch des Nachziehenden ist, die Linien für
seine Schwerfiguren am Damenflügel zu öffnen.} 23. f6 $1 Qf7 $1 {Bewerten wir
jetzt kurz die Vor- und Nachteile der entstandenen Bauernformation. In Folge
von 22...g6 23.f6 hat Weiß keine Linien am Königsflügel geöffnet und einen
starken f6 Freibauern bekommen. Als Kompensation hat der Nachziehende das Feld
e6 bekommen, das wunderbar für den schwarzen Springer geeignet ist. Außerdem
sieht der schwarze Bauernsturm am Königsflügel gefährlich aus.} 24. Rg2 Ne6 (
24... h5 25. Qd1 h4 26. Ne2 Ne6 27. Rg4 $14) 25. Qd1 {Es ist nicht einfach die
schwarzen Bauern am Königsflügel in Bewegung zu setzen. Falls 25...g5 - dann
kommt der Springer sehr lästig nach 26. Nf5!} Ra8 (25... h5 26. h4 g5 $2 27.
Nf5 $1 $16) 26. Ne2 g5 $6 {Schwächt das wichtige Feld f5.} (26... Ra5 27. Nf4
Nc7 $14) 27. Ng3 $1 h5 (27... Nf4 $142 28. Nf5 Qe6 29. Nd6+ (29. Rxf4 gxf4 30.
Qg4 $44) 29... Kc7 30. Rg3 $14) 28. Nf5 Kc7 29. Kh1 Qh7 30. Nd6 {Außer einem
leichten positionellen Vorteil habe ich noch einen Trumpf gehabt: Mein Gegner
war schon in starker Zeitnot.} g4 31. Rf5 {Verbrauchte Zeit: Weiß 109 Min.
Schwarz 118 Min.} b5 (31... Qh6 32. Rg3 Rhg8 33. f7 Rg6 34. Ne8+ Kb7 35. Nf6)
32. f7 Ra4 33. Rd2 Rf8 34. Qc1 {/\Nb5 Weiß 115 Min. Schwarz 118 Min.} Kb6 35.
Qc3 h4 36. Rd1 {Weiß bereitet das Qualitätsopfer Rf6-Re6 vor. Der zweite Turm
muß die erste Reihe bewachen, dadurch werden die Aktivitäten der schwarzen
Dame vermieden.} Qg6 {Mir war klar, daß mein Gegner nur noch hin und herziehen
konnte, weil die Fahne der Uhr schon ganz oben war.} 37. Rf6 Qg5 38. Rxe6 $1
$18 {Der Verteidiger des Feld c5 muß vernichtet werden!} dxe6 39. Qc5+ Kc7 $8 {
Die anderen Königsabzüge führen zum Matt.} 40. Nxb5+ Kb7 41. Qxf8 cxb5 42. Qe8
Rxd4 43. Qxb5+ 1-0

[Event "Budapest Krenosz Memorial"]
[Site "Budapest"]
[Date "1976.07.01"]
[Round "15"]
[White "Ozsvath, Andras"]
[Black "Suba, Mihai"]
[Result "1-0"]
[WhiteElo "2315"]
[BlackElo "2450"]
[Annotator "Filipowicz"]
[PlyCount "55"]
[EventDate "1976.06.16"]
[EventType "tourn"]
[EventRounds "15"]
[EventCountry "HUN"]
[SourceTitle "EXT 2021"]
[Source "ChessBase"]
[SourceDate "2020.10.23"]
[SourceVersion "1"]
[SourceVersionDate "2020.10.23"]
[SourceQuality "1"]

1. e4 Nf6 2. e5 Nd5 3. c4 Nb6 4. c5 Nd5 5. Bc4 e6 6. Nc3 Nxc3 7. dxc3 Nc6 8.
Bf4 Qh4 (8... b6 9. cxb6 axb6 10. Nf3 Be7 11. O-O O-O 12. Qe2 $14 {
Markland-Suba,Reggio,1972}) (8... Bxc5 9. Qg4 g5 10. Bxg5 Rg8 11. Bxd8 (11. Nh3
Be7 12. f4 Bxg5 13. fxg5 Nxe5 $15) 11... Rxg4 12. Be2 Rxg2 13. Bxc7 Rxf2 14.
Bd6 Bxd6 15. exd6 Rg2 16. Nf3 $11) 9. g3 Qe7 10. Nf3 Qxc5 (10... h6) 11. Qe2 d5
12. Bd3 $44 h6 13. h4 Bd7 14. O-O Qe7 15. h5 O-O-O 16. b4 Qe8 17. a4 g5 18.
hxg6 fxg6 19. Be3 Kb8 20. a5 a6 21. Rfb1 Na7 22. Bxa7+ Kxa7 23. b5 $14 axb5 24.
Bxb5 Bc5 25. Nd4 Rf8 $2 (25... Ka8) 26. Qb2 $18 Rb8 27. Bxd7 Qxd7 28. Qb6+ $3
1-0

[Event "Miskolc"]
[Site "Miskolc"]
[Date "2004.03.10"]
[Round "1"]
[White "Goloshchapov, Alexander"]
[Black "Varga, Zoltan"]
[Result "0-1"]
[WhiteElo "2572"]
[BlackElo "2564"]
[Annotator "Finkel,A"]
[PlyCount "138"]
[EventDate "2004.03.10"]
[EventType "tourn"]
[EventRounds "9"]
[EventCountry "HUN"]
[EventCategory "12"]
[SourceTitle "CBM 100"]
[Source "ChessBase"]
[SourceDate "2004.06.01"]
[SourceVersion "1"]
[SourceVersionDate "2004.06.01"]
[SourceQuality "1"]

{[%mdl 32768]} 1. e4 Nf6 2. e5 Nd5 3. Nc3 {I've got to admit that it would be
too dramatic to put a blame for white's defeat on this one, but there is no
doubt that 3.Nc3 is't the best way to meet an Alekhine defence!} e6 4. Nxd5
exd5 5. d4 d6 6. Bf4 dxe5 (6... Bf5 7. Bd3 $6 Bxd3 8. Qxd3 dxe5 9. Bxe5 c6 10.
Nf3 Nd7 11. O-O Nxe5 12. Nxe5 Bd6 13. Rfe1 O-O 14. Re3 f6 15. Nf3 Qd7 16. Rae1
Rae8 {1/2-1/2 Starck,I-Seils,G/Cottbus 1983/EXT 2002 (16)}) (6... c5 7. Bb5+
Nc6 8. Qe2 dxe5 9. Bxe5 Be6 10. Nf3 Qb6 11. O-O O-O-O 12. Bxc6 Qxc6 13. dxc5
$14 {Kauschmann,H-Paulsen,D/Berlin West 1987}) 7. dxe5 c5 (7... Bc5 8. Be2 O-O
9. Nf3 Nc6 10. h3 Ne7 11. c3 Ng6 12. Bg3 a5 13. Qc2 c6 $13 {Ko Chi-Chaves,M/
Haifa 1976}) (7... c6 8. Qd2 Qb6 9. c3 Nd7 10. Ne2 Bc5 11. Nd4 O-O 12. O-O-O
Re8 $13 {Kohout,P-Lukes,L/Czechia 2000}) 8. Nf3 Nc6 9. c3 h6 10. Bd3 Be6 11. h3
$6 {This move is just a waste of time, passing the initiative into black's
hands.} (11. O-O Be7 12. Re1 Qb6 13. Rb1 g5 14. Bg3 h5 15. h4 gxh4 16. Bxh4
O-O-O $13) 11... Be7 12. Qd2 Qb6 13. Rb1 d4 $1 $36 {It's quite obvious that
black had won the opening battle. White has to be very carefull to keep the
balance.} 14. a3 (14. cxd4 $2 c4 $19 {[%cal Ge7b4]}) 14... g5 15. Bg3 O-O-O 16.
O-O c4 (16... g4 $6 17. hxg4 h5 18. g5 h4 19. Bf4 h3 20. g3 c4 21. Be4 d3 22.
Kh2 Bc5 $13) 17. Be4 dxc3 (17... d3 $5 {[%cal Gd8g8,Gh6h4,Gg5g4]}) 18. Qxc3 Nd4
19. Nxd4 Rxd4 20. f3 $6 (20. Bc2 Rhd8 21. Kh2 Rd2 22. Rfd1 Qd4 23. Qf3 g4 24.
hxg4 Qxg4 25. Qxg4 Bxg4 26. Rxd2 Rxd2 27. Rc1 b5 $17) 20... Rd3+ 21. Bf2 Rxc3
22. Bxb6 Rb3 23. Bxa7 b6 $17 24. a4 Rd8 {[%cal Ge6d5,Gc8b7]} 25. a5 bxa5 26.
Bf2 Rd2 27. Be1 Rdxb2 28. Rxb2 Rxb2 29. Bxa5 Bc5+ 30. Kh1 Bd4 31. Rd1 Rb5 $1
$19 (31... Bxe5 $4 32. Rd8#) 32. Rxd4 Rxa5 33. Kg1 Rxe5 34. Kf2 Kc7 35. Rd2 Kb6
36. Ke3 Kc5 37. Ra2 (37. g4 c3 38. Rd8 Kb4 $19) 37... f5 $6 38. Ra5+ Kd6 39.
Ra6+ Ke7 40. Kd4 Rb5 41. Bc2 $6 (41. Ba8 $1 Rb2 42. g4 Kf6 43. gxf5 Kxf5 44.
Be4+ Kf6 45. Kc3 $17) 41... Rd5+ 42. Kc3 (42. Kxc4 Ra5+ $19) 42... Re5 43. Ra7+
Kf6 44. Rh7 Kg6 45. Re7 Re2 46. g4 Kf6 47. Rh7 fxg4 48. hxg4 Ke5 49. Rxh6 Re3+
50. Kd2 Kd4 51. Bd1 (51. Rg6 c3+ 52. Kd1 Bd5 53. Be4 Bxe4 54. fxe4 Kd3 55. Rd6+
Kxe4 $19) 51... c3+ 52. Kc2 Re1 53. Rf6 Re3 54. Rf8 Bd5 55. Rd8 Kc5 56. Rd7 $6
(56. Rc8+) 56... Kc4 57. Rd8 (57. Rc7+ Kb4 $19 {[%csl Gb7]}) 57... Bxf3 58.
Bxf3 Rxf3 59. Rc8+ Kd4 60. Rg8 Rf2+ 61. Kd1 Kd3 62. Rd8+ Ke3 63. Rc8 c2+ 64.
Kc1 Rg2 65. Rc5 Kf4 66. Rc4+ Kf3 67. Kb2 Kg3 68. Kc1 Kh3 69. Kb2 Rxg4 0-1

[Event "LTU-ch"]
[Site "Vilnius"]
[Date "2002.05.20"]
[Round "5"]
[White "Rozentalis, Eduardas"]
[Black "Zapolskis, Antanas J"]
[Result "1-0"]
[WhiteElo "2586"]
[BlackElo "2397"]
[Annotator "Finkel,A"]
[PlyCount "75"]
[EventDate "2002.05.17"]
[EventType "tourn"]
[EventRounds "11"]
[EventCountry "LTU"]
[EventCategory "9"]
[SourceTitle "CBM 090"]
[Source "ChessBase"]
[SourceDate "2002.09.20"]
[SourceVersion "1"]
[SourceVersionDate "2002.09.20"]
[SourceQuality "1"]

1. e4 Nf6 2. d3 $5 d5 3. e5 Nfd7 4. d4 c5 5. c3 Nc6 6. Nf3 (6. f4 e6 7. Nf3 Qb6
8. g3 (8. a3 a5 9. Qa4 Be7 10. Bb5 O-O 11. O-O c4 12. b3 cxb3 13. Qxb3 Na7 14.
a4 Nxb5 15. axb5 Qc7 $13 {Maljutin,E-Fedorov,A/Moscow 1992}) 8... Be7 9. Bh3 f5
10. O-O h5 11. Rf2 c4 12. Bf1 Na5 13. h3 $14 {Vorogtsov-Semenov,V/Simferopol
1989}) 6... e6 {After this move position is transformed to advanced variation
of french defense. the only difference is the position of black knight on d7
instead of g8. This fact seems to favour black, which easily solves opening
problems.} (6... cxd4 7. cxd4 Nb6 $5 8. Bd3 Bg4 9. Be3 e6 10. O-O f5 11. Be2
Be7 12. h3 Bxf3 13. Bxf3 O-O $15 {Manske,K-Prosch,C/GER 2000}) 7. Be2 f6 (7...
Be7 8. Na3 a6 9. O-O b5 10. Nc2 O-O 11. Qd2 f6 12. exf6 Nxf6 13. dxc5 Bxc5 14.
Ncd4 Qb6 15. Nxc6 Ne4 16. Qe1 Qxc6 17. Bd3 Bb7 $132 {Soto Larrea,M-Vazquez,J/
Mexico 1932}) 8. exf6 Qxf6 $6 {Quite promising looked} (8... Nxf6 9. O-O Bd6
10. Bg5 O-O 11. Bh4 Qb6 $13) 9. O-O Bd6 10. Bg5 $1 Qf7 11. Bh4 h6 $6 {Ng5 was
hardly a threat so there was no reason to waste time.} (11... O-O 12. Bg3 Bxg3
13. hxg3 b6 14. Nbd2 Bb7 $13) 12. Bg3 Be7 (12... Bxg3 13. hxg3 O-O 14. Bb5 a6
15. Ba4 b5 16. Bb3 Bb7 $13) 13. dxc5 Nxc5 (13... Bxc5 14. Nbd2 O-O 15. b4 Bb6
16. c4 $1 Nf6 (16... Nxb4 17. Bd6 Nc6 18. Bxf8 Nxf8 19. Nb3 $14) 17. Qb3 $14)
14. b4 Nd7 15. b5 Na5 16. Nbd2 O-O 17. Bd3 Bf6 (17... Re8 18. Qc2 Nf8 19. Ne5
$16) 18. Bd6 e5 $2 {Unjustified echange sacrifice leadin to the position with
much better chances to white, while after correct} (18... Be7 19. Bxe7 Qxe7 20.
c4 Nc5 $132 {the position remains very unclear.}) 19. Bxf8 Nxf8 20. Qa4 b6 21.
Bc2 $16 Bd7 22. Rfe1 Qh5 $6 {The last chance to put up some resistance was} (
22... e4 $5 23. Nd4 a6 24. Qb4 axb5) 23. Nf1 $1 e4 24. Ng3 Qf7 25. Nd4 Rc8 26.
Bb3 $1 Be5 ({Nothing changes} 26... a6 27. Nxe4 Bxd4 28. cxd4 Nxb3 29. Nd6 Qf6
30. Nxc8 Nxa1 31. Ne7+ Kh8 32. Nxd5 $18) 27. Rad1 Nxb3 28. Qxb3 h5 29. Nc6 $1
$18 {[%csl Rd5]} Rxc6 $8 30. bxc6 Be6 (30... Bxc6) 31. c4 dxc4 32. Qe3 Bg4 33.
Qxe4 {The simplst way to win.} Bxd1 34. Qxe5 $1 Bg4 35. h3 Be6 36. Ne4 Qg6 37.
Ng5 Bf5 38. h4 1-0

[Event "RUS-ch51"]
[Site "St Petersburg"]
[Date "1998.08.01"]
[Round "5"]
[White "Sveshnikov, Evgeny"]
[Black "Solozhenkin, Evgeniy"]
[Result "0-1"]
[WhiteElo "2575"]
[BlackElo "2535"]
[Annotator "Finkel,A"]
[PlyCount "100"]
[EventDate "1998.07.28"]
[EventType "swiss"]
[EventRounds "11"]
[EventCountry "RUS"]
[SourceTitle "CBM 067"]
[Source "ChessBase"]
[SourceDate "1998.11.30"]
[SourceVersion "2"]
[SourceVersionDate "1998.11.01"]
[SourceQuality "1"]

1. e4 Nf6 2. e5 Nd5 3. c4 Nb6 4. c5 $6 {There are many ways to meet the
Alekhine defense,but this one is definitly not the best.} Nd5 5. Nc3 e6 6. d4
Nxc3 7. bxc3 b6 ({Worse is} 7... d6 $6 8. cxd6 cxd6 9. exd6 (9. f4 $5 Nc6 10.
Nf3 d5 11. Bd3 Na5 12. O-O Be7 13. Ng5 $36 {Sveshnikov,E-Bagirov,V/Podolsk
1992 (25)}) 9... Bxd6 10. Nf3 Qc7 11. Bd2 Nc6 12. Bd3 e5 13. O-O O-O 14. Re1
$14 {in both cases with better chanses for white;Cherniaev,A-Forchert,M/
Hastings op9495 1995 (24)}) 8. Qg4 ({Deserves attention} 8. Qf3 $5 Nc6 (8... c6
$6 9. cxb6 axb6 10. Nh3 Ba6 11. Bxa6 Nxa6 12. O-O b5 13. a4 $14 {Mukhametov,
E-Driamin,D/RUS-Cup2 1996 (28)}) 9. cxb6 cxb6 10. Bd3 Bb7 11. Qg3 $1 Qc7 12.
Ne2 d6 13. Bf4 $14 {Bowden,K-Murshed,N/Lloyds Bank op 1988/1-0 (59)}) (8. cxb6
axb6 9. Bd3 (9. Qg4 $6 c5 $5 10. dxc5 Qc7 $1 11. Nf3 Na6 12. Bxa6 Bxa6 13. Be3
Bxc5 14. Bxc5 Qxc5 $17 {Lein,A-Zelcic,R/Belgrade GMA 1988/0-1 (60)}) 9... Bb7
10. Nf3 Be7 (10... Nc6 11. Bf4 $6 Ra3 12. Rc1 Be7 13. Qe2 Qa8 $15 {Mejia
Espinal,M-Dantas,C/WchJM U20 1997 (25)}) (10... d6 11. O-O Be7 12. Re1 Nd7 13.
Bc2 Ra5 14. Nd2 dxe5 $13 {Sveshnikov,E-Morozevich,A/Alushta4 1994/1/2-1/2 (52)}
) 11. O-O {1/2-1/2 Sveshnikov,E-Solozhenkin,E/RUS-ch 1996}) 8... bxc5 9. Bg5
Be7 10. Bxe7 Qxe7 11. Qxg7 Rf8 12. Nf3 cxd4 13. Be2 f5 $5 ({White keeps better
prospects after} 13... f6 14. Qg3 d3 15. Bxd3 f5 16. Rb1 Na6 17. Nd4 Nc5 18.
Qf3 $1 c6 19. O-O $14 {Sveshnikov,E-Basagic,Z/Ljubljana op 1997 (60)}) 14. Qh6
(14. Qxe7+ Kxe7 15. Nxd4 Bb7 (15... c5 $2 16. Bf3 cxd4 17. Bxa8 $18) 16. f3 Nc6
17. Rb1 Rab8 18. Nxc6+ Bxc6 19. Kf2 $11) 14... Rg8 ({Too dangerous is} 14...
dxc3 $6 15. Ng5 $1 {[%csl Rh7]} Nc6 16. Nxh7 Rf7 17. Bh5 Nxe5 18. Nf6+ Kd8 19.
Bxf7 Nxf7 20. Qg7 $16 {[%cal Gh2h7] and white is much better}) 15. O-O Bb7 (
15... dxc3 $5) 16. cxd4 $14 {The arising position is extremly complicated,but
white chanses seem to be preferable because of unsafe position of black king.}
Bd5 $5 17. Rfd1 Nc6 18. Ne1 {[%cal Gg2g3,Ge1g2,Gg2f4]} Rb8 19. Rab1 Rb6 20. a4
Kd8 (20... Bb3 $5 21. Rdc1 (21. Rd2 Bxa4 22. Ra1 Bb3 23. Bf3 a6 $15) 21... Nxd4
22. Bh5+ Kd8 23. a5 Rb5 24. Qe3 Qh4 25. Nf3 $44) 21. Qd2 Qa3 22. Qh6 Qe7 23.
Rb5 $5 {Deciding to keep on fighting} (23. Qd2 Qa3 $11) 23... Qg7 24. Qh3 Ne7
$6 25. Rdb1 Bc6 26. Rxb6 axb6 27. a5 $36 Nd5 28. Bf3 (28. axb6 Nxb6 29. Rb3 Qe7
30. Rg3 Rxg3 31. hxg3 Be4 $13) 28... Qg5 (28... bxa5 $2 29. Rb8+ Ke7 30. Qh4+
Qg5 31. Qxh7+ Rg7 32. Qh8 $18) 29. g3 Nc3 30. Ra1 Ne4 31. Qxh7 (31. axb6 Nxf2
$1 32. Kxf2 (32. Qxh7 Ne4 33. bxc7+ Kxc7 $19 {[%csl Rg1][%cal Gg5e3,Ge4g3]})
32... Qd2+ 33. Kf1 Bb5+ 34. Nd3 Bxd3+ 35. Kg1 Be4 $1 $17) 31... bxa5 32. Rb1 $1
$40 (32. Rxa5 Rg7 33. Qh8+ (33. Qh5) 33... Rg8 34. Qh7 Rg7) 32... Kc8 33. Be2
$1 {[%cal Ge2a6]} Bb7 $8 34. Qh3 $4 ({After correct} 34. Nf3 $1 Qg7 $6 (34...
Qd8 35. Bb5 $1 c6 (35... Nc3 $6 36. Bxd7+ (36. Qxd7+ $2 Qxd7 37. Bxd7+ Kxd7 38.
Rxb7 Ra8 $36 {[%cal Ga5a1]}) 36... Kb8 37. Rb2 $16) 36. Bd3 Rh8 37. Qg7 Kc7 38.
Bxe4 $16) 35. Qxg7 Rxg7 36. Rb3 $1 (36. Ra1 Nc3 37. Kf1 a4 38. Ra3 Nxe2 39.
Kxe2 Bc6 $15) 36... a4 37. Ra3 Bc6 38. Bd1 $16 {white had good winning chanses.
}) 34... Nc3 $19 {Now white's position becomes hopeless.} 35. Rxb7 (35. Rb2 Qc1
$1) 35... Nxe2+ 36. Kf1 Kxb7 37. Qg2+ c6 38. Kxe2 Qg4+ 39. Nf3 Qe4+ 40. Kd2 Qd5
41. Qh1 Qa2+ 42. Ke3 Qb3+ 43. Ke2 Qb2+ 44. Kd3 a4 {[%cal Ga4a1] White can't do
nothing against the advance of a-pawn.} 45. Qd1 a3 46. Qc2 Qb5+ 47. Kc3 Ra8 48.
Qa2 Qd5 49. Qb1+ Kc7 50. Nd2 a2 0-1